Arizona Indian Tribes - Statistics

General Stats
  • This quiz has been taken 157 times
  • The average score is 10 of 22
Answer Stats
Hint Tribe % Correct
Arizona, Nevada, and Mexico; observes daylight savings Navajo
92%
Verde Valley Yavapai-Apache
89%
Home to largest body of water in the state San Carlos Apache
87%
Eastern Arizona White Mountain Apache
87%
About 100 miles northeast of Phoenix Tonto Apache
86%
Three mesas Hopi
69%
Phoenix Salt River Pima-Maricopa
54%
Bucky's Casino Yavapai-Prescott
46%
River that carved the Grand Canyon Colorado River
45%
Southern portion of Apache county and New Mexico Zuni Pueblo
42%
Colorado River near Yuma Fort Yuma-Quechan
39%
Grand Canyon, north-central Arizona Havasupai
38%
Sonoran desert, second largest reservation in US Tohono O'odham
36%
Between the Estrella and Sacaton mountains in central Arizona Gila River
34%
Border of Arizona, California, and Nevada Fort Mojave
23%
Grand Canyon western rim, Colorado River rafting Hualapai
22%
Northern Arizona, Vermillion cliffs Kaibab-Paiute
21%
South of Phoenix Ak-Chin
19%
East of Grand Canyon, San Juan and Colorado Rivers San Juan Southern Paiute
19%
Southwestern part of state, descendants of Ancient Toltecs Pascua Yaqui
17%
Along the Colorado River and Yuma Cocopah
10%
Scottsdale Fort McDowell Avapai
7%
No matching quizzes found
Score Distribution
Percent of People with Each Score
Percentile by Number Answered
Your Score History
You have not taken this quiz